<?xml version="1.0" encoding="UTF-8"?>
<record
    xmlns:xsi="http://www.w3.org/2001/XMLSchema-instance"
    xsi:schemaLocation="http://www.loc.gov/MARC21/slim http://www.loc.gov/standards/marcxml/schema/MARC21slim.xsd"
    xmlns="http://www.loc.gov/MARC21/slim">

  <leader>00571nam a22001577a 4500</leader>
  <controlfield tag="003">SGT</controlfield>
  <datafield tag="020" ind1=" " ind2=" ">
    <subfield code="a">9789350069851</subfield>
  </datafield>
  <datafield tag="082" ind1=" " ind2=" ">
    <subfield code="a">540, PUN</subfield>
  </datafield>
  <datafield tag="100" ind1=" " ind2=" ">
    <subfield code="a">BANSAL, PUNDIR </subfield>
  </datafield>
  <datafield tag="245" ind1=" " ind2=" ">
    <subfield code="a">COMPUTER FOR CHEMIST</subfield>
  </datafield>
  <datafield tag="260" ind1=" " ind2=" ">
    <subfield code="a">NEW DELHI </subfield>
    <subfield code="b">PRAGATI </subfield>
    <subfield code="c">2014</subfield>
  </datafield>
  <datafield tag="300" ind1=" " ind2=" ">
    <subfield code="a">443</subfield>
  </datafield>
  <datafield tag="650" ind1=" " ind2=" ">
    <subfield code="a">CHEMISTRY &amp; ALLIED SCIENCE </subfield>
  </datafield>
  <datafield tag="653" ind1=" " ind2=" ">
    <subfield code="a">INTRODUCTION TO COMPUTER, HARDWARE AND SOFTWARE COMPONENTS, INTRODUCTION TO DOS, UNIX: AN OPERATING SYSTEM, PRINCIPLE OF PROGRAMMING, PROGRAMMING IN BASIC, FORTRAN PROGRAMMING, PROGRAMMING WITH C LANGUAGE, COMPUTER AND CHEMISTRY </subfield>
  </datafield>
  <datafield tag="942" ind1=" " ind2=" ">
    <subfield code="2">ddc</subfield>
    <subfield code="c">FPS</subfield>
  </datafield>
  <datafield tag="952" ind1=" " ind2=" ">
    <subfield code="0">0</subfield>
    <subfield code="1">0</subfield>
    <subfield code="2">ddc</subfield>
    <subfield code="4">0</subfield>
    <subfield code="7">0</subfield>
    <subfield code="a">SSSL</subfield>
    <subfield code="b">SSSL</subfield>
    <subfield code="c">TXT</subfield>
    <subfield code="d">2016-06-28</subfield>
    <subfield code="e">SPARSH BOOKS</subfield>
    <subfield code="g">285.00</subfield>
    <subfield code="i">SGTU</subfield>
    <subfield code="l">0</subfield>
    <subfield code="o">540, PUN</subfield>
    <subfield code="p">PS536</subfield>
    <subfield code="r">2016-06-28 00:00:00</subfield>
    <subfield code="w">2014-11-25</subfield>
    <subfield code="y">FPS</subfield>
    <subfield code="k">1290</subfield>
  </datafield>
  <datafield tag="952" ind1=" " ind2=" ">
    <subfield code="0">0</subfield>
    <subfield code="1">0</subfield>
    <subfield code="2">ddc</subfield>
    <subfield code="4">0</subfield>
    <subfield code="7">0</subfield>
    <subfield code="a">SSSL</subfield>
    <subfield code="b">SSSL</subfield>
    <subfield code="c">TXT</subfield>
    <subfield code="d">2016-06-28</subfield>
    <subfield code="e">SPARSH BOOKS</subfield>
    <subfield code="g">285.00</subfield>
    <subfield code="i">SGTU</subfield>
    <subfield code="l">0</subfield>
    <subfield code="o">540, PUN</subfield>
    <subfield code="p">PS537</subfield>
    <subfield code="r">2020-02-07 00:00:00</subfield>
    <subfield code="w">2014-11-25</subfield>
    <subfield code="y">FPS</subfield>
    <subfield code="k">1290</subfield>
  </datafield>
  <datafield tag="999" ind1=" " ind2=" ">
    <subfield code="c">9279</subfield>
    <subfield code="d">9279</subfield>
  </datafield>
</record>
